Anteproyecto arquitectónico del estadio municipal de Béisbol en la ciudad de León, Nicaragua

Presenta un anteproyecto arquitectónico de un estadio de béisbol en la ciudad de León, por lo tanto, el documento a generar se convertirá en un instrumento de consulta para futuros proyectos de estadios de béisbol a nivel municipal.

Bibliographic Details
Main Authors: Espinoza Oporta, Joneyding Antonio, Castillo Munguía, Gabriel Jared
Other Authors: Tutor: Mayorga Navarro, Eduardo José
Format: Tesis Section = Libro
Language:Undetermined
Spanish
Published: Managua UNI 2019
Subjects:
LEADER 01098nam a2200265Ia 4500
008 240830s9999 xx 000 0 und d
040 |a BIBLIOTECA-RUSB/ Mon 725.8043 E77 
041 |a spa 
082 |a Mon 725.8043 E77 
100 1 |a Espinoza Oporta, Joneyding Antonio 
100 1 |b Castillo Munguía, Gabriel Jared 
245 1 0 |a Anteproyecto arquitectónico del estadio municipal de Béisbol en la ciudad de León, Nicaragua 
260 |a Managua  |b UNI  |c 2019 
300 |a 102 p. :il. 
500 |a Contiene: anexos y CD. 
502 |a Tesis (Arquitecto) - UNI, 2019. 
520 3 |a Presenta un anteproyecto arquitectónico de un estadio de béisbol en la ciudad de León, por lo tanto, el documento a generar se convertirá en un instrumento de consulta para futuros proyectos de estadios de béisbol a nivel municipal. 
650 7 |a DISEÑO ARQUITECTONICO 
650 7 |b  ESTADIO DE BEISBOL 
650 7 |c  ESPACIOS ABIERTOS- LEON 
650 7 |d  COMPLEJO DEPORTIVO- ARQUITECTURA 
700 1 |a Tutor:  |b Mayorga Navarro, Eduardo José 
942 |c BK  |2 ddc 
991 |a TESIS 
999 |c 21312